| 000 | 00690nam a2200181Ia 4500 | ||
|---|---|---|---|
| 008 | 090122s9999 xx 000 0 und d | ||
| 082 | _b12057 | ||
| 100 |
_aलाला _bआर _cएम |
||
| 245 | _aजमशेटजी टाटा यांचे भारत प्रेम | ||
| 260 |
_bउत्कर्ष _c2007 |
||
| 300 | _a227 | ||
| 501 | _aज्ञानदा ग्रंथ वितरण / 871-12.9.07 | ||
| 600 | _aलाला | ||
| 630 | _aजमशेटजी टाटा यांचे भारत प्रेम | ||
| 700 | _aलाला | ||
| 730 | _aजमशेटजी टाटा यांचे भारत प्रेम | ||
| 942 | _cBOOK | ||
| 999 |
_c36134 _d36134 |
||